Logo CIB grande

Felder's elementary principles of chemical processes (Registro nro. 237774)

Detalles MARC
000 -LEADER
campo de control de longitud fija 00715nam a2200241Ia 4500
005 - FECHA Y HORA DE LA ÚLTIMA TRANSACCIÓN
campo de control 20250425162843.0
008 - DATOS DE LONGITUD FIJA--INFORMACIÓN GENERAL
campo de control de longitud fija 250425s9999 xx 000 0 und d
020 ## - NÚMERO INTERNACIONAL ESTÁNDAR DEL LIBRO
Número Internacional Estándar del Libro 9781118092392
082 ## - NÚMERO DE LA CLASIFICACIÓN DECIMAL DEWEY
Número de clasificación 660.28
Iniciales del Autor FEL
010 ## - NÚMERO DE CONTROL DE LA BIBLIOTECA DEL CONGRESO
Número de control de LC 113756
100 ## - ENTRADA PRINCIPAL--NOMBRE DE PERSONA
Nombre de persona Felder, Richard M.
245 #0 - MENCIÓN DEL TÍTULO
Título Felder's elementary principles of chemical processes
Mención de responsabilidad, etc. Richard M. Felder, Ronald W. Rousseau, Lisa G. Bullard
250 ## - MENCION DE EDICION
Mención de edición Fourth edition
260 ## - PUBLICACIÓN, DISTRIBUCIÓN, ETC.
Lugar de publicación, distribución, etc. Singapore
Nombre del editor, distribuidor, etc. Wiley
Fecha de publicación, distribución, etc. 2017
300 ## - DESCRIPCIÓN FÍSICA
Extensión 507 páginas
Dimensiones 25 cm.
504 ## - NOTA DE BIBLIOGRAFÍA, ETC.
Nota de bibliografía, etc. Nota Includes index
650 ## - PUNTO DE ACCESO ADICIONAL DE MATERIA--TÉRMINO DE MATERIA
Término de materia o nombre geográfico como elemento de entrada Chemical processes
650 ## - PUNTO DE ACCESO ADICIONAL DE MATERIA--TÉRMINO DE MATERIA
Término de materia o nombre geográfico como elemento de entrada Procesos químicos
700 ## - ENTRADA AGREGADA--NOMBRE PERSONAL
Nombre de persona Bullard, Lisa G.
700 ## - ENTRADA AGREGADA--NOMBRE PERSONAL
Nombre de persona Rousseau, Ronald W.
902 ## - ELEMENTOS DE DATOS B LOCAL, LDB (RLIN)
a Monográfico
c Impreso
942 ## - ELEMENTOS DE ENTRADA SECUNDARIOS (KOHA)
Tipo de ítem Koha Libros
Existencias
Estatus retirado Estado de pérdida Estado de daño No para préstamo Biblioteca de origen Biblioteca actual Fecha de adquisición Coste, precio normal de compra Etiqueta RFID Total de préstamos Código de barras Visto por última vez Fecha del último préstamo Copia número Tipo de ítem Koha Nota pública
        CENTRO DE INFORMACIÓN BIBLIOTECARIA CENTRO DE INFORMACIÓN BIBLIOTECARIA 16/09/2023 175.00 0000000000000000036755 1 81011 22/10/2025 15/10/2025 1 Libros Compra / Pablo Nuñez

Copyright 2025 ESPOL. Todos los derechos reservados.